| 000 | 00668npc a2200217Ia 4500 | ||
|---|---|---|---|
| 001 | dg104-44799 | ||
| 003 | IT-MiCISF | ||
| 008 | 161014s9999||||xx | und|| | ||
| 040 |
_aIT-MiCISF _cIT-MiCISF |
||
| 041 | _ait | ||
| 100 | _aMaurizio Roberto (a cura di) | ||
| 245 | 0 |
_aLa città che ascolta i bambini _bMoncalieri, Trofarello, La Loggia: desideri, paure e attese dell'infanzia |
|
| 250 | _a1a ed. | ||
| 260 |
_a Torino _bPaideia Fondazione _c2007 |
||
| 300 | _app. 68 | ||
| 500 | _a / infanzia, famiglia, scuola, operatori-sociali / | ||
| 650 | _asocietà | ||
| 700 | _aSalvadori Giorgia (a cura di) | ||
| 942 | _cDD | ||
| 957 | _71 | ||
| 999 |
_a44799 _bsi _g1 _c207977 _d207977 |
||